Monterey County Weekly

Detalles Bibliográficos
Formato: eBook
Lenguaje:inglés
Publicado: [s.l.] : Monterey County Coast Weekly, 2004 -
Materias:
Acceso en línea:Acceso restringido

MARC

LEADER 00000nam a22000007a 4500
005 20141119124512.0
007 cr|||| ||||
008 141119c20049999us |||| s|||| 0|||a1eng d
035 |a 4422 
040 |a vLex 
090 |c 5296  |d 5296 
245 0 0 |a Monterey County Weekly  |h [Recurso electrn̤ico] 
256 |a Servicio en ln̕ea 
260 |a [s.l.] :  |b Monterey County Coast Weekly,  |c 2004 - 
300 |a 1 recurso electrn̤ico 
362 |a Nm︢. 1 (2004) - 
506 1 |a Contenido disponible en los productos indicados  |d vLex Global  |d vLex Global (Academic Edition, excluding Law Schools)  |d vLex Global (U.S. Academic Edition, excluding Law Schools) 
650 0 4 |a Perid̤icos  |z Estados Unidos 
740 0 |a vLex Revistas (Servicio en ln̕ea) 
856 4 0 |u http://vlex.com/source/4422/  |z Acceso restringido 
942 |c REV